| 000 | 00507nam a22001577a 4500 | ||
|---|---|---|---|
| 003 | OSt | ||
| 005 | 20150919104609.0 | ||
| 008 | 150919b xxu||||| |||| 00| 0 eng d | ||
| 040 | _cRUA | ||
| 082 | _aAGR NAT 2006 B034 Or.1 | ||
| 100 |
_9851 _aNAT, SOKNAN. |
||
| 245 | _aPotential of jackfruit of kampong cham province សក្តានុភាពដំណាំខ្មរ នៅខេត្តកំពង់ចាម | ||
| 260 |
_aPhnom Penh _bRUA _c2006 |
||
| 300 |
_a48p. _bill. _c29cm. |
||
| 942 |
_2ddc _cAGR |
||
| 999 |
_c818 _d818 |
||